Culture Générale - Choix multiples - Statistiques

Statistiques générales
  • Ce quiz a été pris 110 fois
  • Le résultat moyen est 9 sur 15
Statistiques - réponses
Question Réponse % Correct
Qui a écrit 1984 George Orwell
86%
Comment s’appelle le foulard traditionnel à motifs noirs et blancs, souvent porté au Moyen-Orient et devenu un symbole de la cause palestinienne ? Keffieh
85%
Sur quelle île portugaise est né Cristiano Ronaldo ? Madère
78%
Quel dieu de la mythologie romaine est considéré comme le maître des mers et des océans ? Neptune
76%
Comment appelait-on les Algériens qui ont combattu aux côtés de la France pendant la guerre d’Algérie ? Harkis
75%
Quel est l’instrument traditionnel des Aborigènes d’Australie ? Didgeridoo
66%
Qui a réalisé le film Inception ? Christopher Nolan
65%
Quel groupe de rock britannique a composé l’album Dark Side of the Moon ? Pink Floyd
61%
Quelle est la capitale de la Papouasie-Nouvelle-Guinée ? Port Moresby
57%
Qui est l’auteur du manga Naruto ? Masashi Kishimoto
55%
Quel peuple d’Afrique du Sud était dirigé par le roi Shaka ? Zoulous
54%
Quel président du Burkina Faso, souvent surnommé le "Che Guevara africain", a dirigé le pays de 1983 à 1987 ? Thomas Sankara
52%
Quel peuple d’Amérique du Sud a bâti la cité de Machu Picchu ? Incas
49%
Dans la société viking, quel titre était donné à un chef ou un noble puissant, équivalent à un comte ? Jarl
42%
Quelle est la région la plus méridionale de la Russie ? République du Daghestan
25%
Aucun quiz correspondant
Distribution des résultats
% des personnes avec chaque résultat
Percentile par nombre de réponses
Votre historique - résultats
Vous n’avez pas pris ce quiz